Science Quiz

Random Science or Clickable Quiz

Divisible by 7? Quiz Stats

 Plays Quiz Updated Mar 17, 2020

Support Sporcle.
Go Orange.
Score 0/25 Timer 02:00
6 Plays Today
% Correct
7
96%
14
94.6%
70
92.9%
49
90.6%
28
88.1%
35
87%
63
85.4%
56
84.6%
91
72.3%
98
71.6%
105
69.4%
147
68.7%
154
66.1%
% Correct
119
63.4%
126
62.5%
168
60.4%
133
58.8%
189
56.2%
182
54.6%
784
52.3%
245
51.8%
364
49.4%
238
49%
273
45.9%
336
44.8%

From the Vault

If Movie Characters Had Google

by Hejman

Movies 6m
We don't even want to know what their browser history would look like.
Remove Ads.
Support Sporcle.
Get the best of Sporcle when you Go Orange. This ad-free experience offers more features, more stats, and more fun while also helping to support Sporcle. Thank you for becoming a member.

Show Comments

Extras

Top Quizzes Today


Score Distribution

Your Account Isn't Verified!

In order to create a playlist on Sporcle, you need to verify the email address you used during registration. Go to your Sporcle Settings to finish the process.

Report this User

Report this user for behavior that violates our Community Guidelines.

Details: